Bytový dom

Salvato in:
Dettagli Bibliografici
Autore principale: Fedorová, Klaudia (Autore)
Altri autori: Buday, Peter (Relatore della tesi)
Natura: Manoscritto Libro
Lingua:slovacco
Pubblicazione: 2025
Soggetti:
Accesso online:http://is.stuba.sk/zp/portal_zp.pl?podrobnosti=193287
CRZP
Tags: Aggiungi Tag
Nessun Tag, puoi essere il primo ad aggiungerne!!

MARC

LEADER 00000ntm a22000003a 4500
001 stuzp105517
003 SK-STU
005 20250722145419.0
007 ta
008 150427s2015----xo-----f-mn---000-0-slo-d
040 |a STU  |b slo 
041 0 |a slo 
100 1 |a Fedorová, Klaudia  |u 010180  |4 aut  |U SvF Stavebná fakulta  |T SvF Katedra konštrukcií pozemných stavieb  |X 103851  |U V180  |Y 18  |7 103851 
242 0 1 |a Residential Building  |y eng 
245 1 0 |a Bytový dom 
260 |c 2025 
650 4 |a Zátvor  |2 slo 
650 4 |a projekt na realizáciu  |2 slo 
650 4 |a stavebný pozemok  |2 slo 
650 4 |a novostavba  |2 slo 
650 4 |a bytový dom  |2 slo 
650 4 |a technické požiadavky  |2 slo 
650 4 |a project for realization  |2 eng 
650 4 |a new building  |2 eng 
650 4 |a Zátvor  |2 eng 
650 4 |a apartment house  |2 eng 
650 4 |a technical requirements  |2 eng 
650 4 |a building plot  |2 eng 
700 1 |a Buday, Peter  |u 010180  |k Z1  |4 ths  |U SvF Stavebná fakulta  |T SvF Katedra konštrukcií pozemných stavieb  |X 962  |U V180  |Y 18  |7 A000000962 
856 4 |u http://is.stuba.sk/zp/portal_zp.pl?podrobnosti=193287 
856 4 |u https://opac.crzp.sk/?fn=detailBiblioForm&sid=C9A1C75A261DD259FD82451E26A3  |z CRZP